[Event "GER-chT Federal Cup (Women)"]
[Site "Braunfels"]
[Date "2022.06.16"]
[Round "1.3"]
[White "Kohm, Vanessa"]
[Black "Agrest, Inna"]
[Result "0-1"]
[WhiteElo "1772"]
[BlackElo "2265"]
[PlyCount "42"]
[EventDate "2022.06.15"]
[EventType "team-swiss"]
[EventRounds "5"]
[EventCountry "GER"]
[SourceTitle "EXT 2023"]
[Source "ChessBase"]
[SourceDate "2022.10.05"]
[SourceVersion "1"]
[SourceVersionDate "2022.10.05"]
[SourceQuality "1"]

1. d4 Nf6 2. c4 g6 3. Nc3 Bg7 4. e4 d6 5. Bg5 0-0 6. Qd2 Nbd7 7. f3 a6 8. Bh6 e5 9. d5 Nxe4 10. fxe4 Qh4+ 11. g3 Qxh6 12. 0-0-0 Qxd2+ 13. Kxd2 f5 14. Nge2 Nf6 15. Bg2 Bh6+ 16. Kd3 Ng4 17. Rdf1 Ne3 18. Rfg1 Nxg2 19. Rxg2 fxe4+ 20. Nxe4 Rf3+ 21. Kc2 Bf5 0-1

[Event "GER-chT Federal Cup (Women)"]
[Site "Braunfels"]
[Date "2012.06.09"]
[Round "4.7"]
[White "Kohm, Vanessa"]
[Black "Schaefer, Annabelle"]
[Result "0-1"]
[WhiteElo "1781"]
[BlackElo "1803"]
[PlyCount "126"]
[EventDate "2012.06.07"]
[EventType "team-swiss"]
[EventRounds "5"]
[EventCountry "GER"]
[SourceTitle "CBM 149 Extra"]
[Source "ChessBase"]
[SourceDate "2012.08.24"]
[SourceVersion "1"]
[SourceVersionDate "2012.08.24"]
[SourceQuality "1"]
[WhiteTeam "Baden (W)"]
[BlackTeam "Hessen (W)"]
[WhiteTeamCountry "GER"]
[BlackTeamCountry "GER"]

1. d4 d5 2. c4 e6 3. Nf3 Nf6 4. Nc3 Be7 5. e3 Nbd7 6. Bd2 a6 7. Rc1 dxc4 8. Bxc4 b5 9. Bd3 c5 10. b3 Bb7 11. 0-0 cxd4 12. exd4 0-0 13. Qe2 h6 14. Rc2 Nb6 15. Ne4 Nxe4 16. Bxe4 Bxe4 17. Qxe4 Nd5 18. Ne5 Bd6 19. Rc6 Nf6 20. Qe2 Qe7 21. Rfc1 Nd5 22. Qg4 Nf6 23. Qh4 Rfd8 24. Ba5 Re8 25. Qg3 Nd5 26. Bd2 f6 27. Rxd6 Qxd6 28. Rc6 Qf8 29. Nd7 Qf7 30. Nc5 e5 31. Rd6 Nf4 32. Qg4 Rad8 33. Rxd8 Rxd8 34. Bxf4 exf4 35. Qxf4 Qd5 36. Nxa6 Qxd4 37. Qxd4 Rxd4 38. Kf1 Rd2 39. Nc7 b4 40. Na6 Rxa2 41. Nxb4 Rb2 42. Nd5 Rxb3 43. Ke2 Rb2+ 44. Kf3 Kf7 45. g4 Rb3+ 46. Ne3 Ke6 47. Kf4 g6 48. Ke4 Rb4+ 49. Kf3 Ke5 50. Nc2 Rb3+ 51. Kg2 Kf4 52. h3 Ke4 53. Ne1 Rc3 54. Kh2 Rc1 55. Ng2 h5 56. gxh5 gxh5 57. Nh4 Kf4 58. Kg2 Rc3 59. Ng6+ Kg5 60. Ne7 Rc5 61. Kf3 f5 62. Kg3 Kf6 63. Ng8+ Kg7 0-1

[Event "GER-chT Federal Cup (Women)"]
[Site "Braunfels"]
[Date "2010.06.05"]
[Round "4"]
[White "Just, Gabriele"]
[Black "Kohm, Vanessa"]
[Result "1/2-1/2"]
[WhiteElo "1936"]
[BlackElo "1768"]
[PlyCount "111"]
[EventDate "2010.06.03"]
[EventType "team-swiss"]
[EventRounds "5"]
[EventCountry "GER"]
[SourceTitle "CBM 136 Extra"]
[Source "ChessBase"]
[SourceDate "2010.07.02"]
[SourceVersion "2"]
[SourceVersionDate "2010.07.15"]
[SourceQuality "1"]

1. d4 d5 2. Nf3 Nf6 3. Bf4 e6 4. e3 c5 5. Nbd2 Nc6 6. c3 Bd7 7. Bd3 a6 8. 0-0 b5 9. Re1 Qb6 10. Ne5 Be7 11. Qf3 b4 12. Bg5 c4 13. Bf1 bxc3 14. bxc3 Rc8 15. e4 Nxe5 16. dxe5 Nxe4 17. Nxe4 dxe4 18. Qg3 Bxg5 19. Qxg5 0-0 20. Rxe4 f6 21. Qe3 Qxe3 22. Rxe3 f5 23. Rd1 Bb5 24. Rd6 Kf7 25. a4 Bxa4 26. Rxa6 Bc2 27. Ra7+ Kg8 28. Rg3 Rf7 29. Ra6 f4 30. Rg4 Rd8 31. Rd6 Ra8 32. f3 Rc8 33. Rd4 Rf5 34. Rgxf4 Rxe5 35. Rxc4 Ra8 36. Rc7 g5 37. Rff7 Bg6 38. Rfd7 Kf8 39. Kf2 Rd5 40. c4 Ra2+ 41. Kg3 Rxd7 42. Rxd7 Rc2 43. h4 gxh4+ 44. Kxh4 Rc1 45. Be2 Rc2 46. Bd1 Rxc4+ 47. g4 Rc3 48. Kg5 Rd3 49. Rxd3 Bxd3 50. Kf6 Bc4 51. f4 Kg8 52. Bf3 h6 53. Kg6 Bd3+ 54. Kxh6 Kf7 55. Kg5 Kg7 56. f5 1/2-1/2

[Event "GER-chT Federal Cup (Women)"]
[Site "Braunfels"]
[Date "2010.06.04"]
[Round "3"]
[White "Kohm, Vanessa"]
[Black "Alt, Barbara"]
[Result "1-0"]
[WhiteElo "1768"]
[BlackElo "1182"]
[PlyCount "95"]
[EventDate "2010.06.03"]
[EventType "team-swiss"]
[EventRounds "5"]
[EventCountry "GER"]
[SourceTitle "CBM 136 Extra"]
[Source "ChessBase"]
[SourceDate "2010.07.02"]
[SourceVersion "2"]
[SourceVersionDate "2010.07.15"]
[SourceQuality "1"]

1. d4 Nf6 2. c4 g6 3. Nc3 d5 4. Nf3 Bg7 5. e3 0-0 6. Bd2 Bg4 7. Qb3 e6 8. Qxb7 Nbd7 9. cxd5 exd5 10. Nxd5 Rb8 11. Nxf6+ Nxf6 12. Qxa7 Rxb2 13. Bd3 Re8 14. Bc3 Rb8 15. Qa4 Nd5 16. Qc2 Nxe3 17. fxe3 Rxe3+ 18. Kf2 Rxf3+ 19. gxf3 Bxd4+ 20. Kg2 Bxf3+ 21. Kxf3 Qd5+ 22. Be4 Qh5+ 23. Kg2 Qg4+ 24. Kf1 Qf4+ 25. Ke1 Qe3+ 26. Kd1 Bxc3 27. Qd3 Qxd3+ 28. Bxd3 Bxa1 29. Bc2 Be5 30. h3 h6 31. Re1 Rd8+ 32. Kc1 Bf4+ 33. Kb2 Kf8 34. a4 c5 35. Rf1 g5 36. Bb3 Rd2+ 37. Kc3 Rd4 38. Rf2 Ke7 39. a5 f6 40. a6 Bb8 41. Bc4 Rh4 42. Re2+ Kf8 43. Bb5 Rxh3+ 44. Kc2 Ba7 45. Re8+ Kf7 46. Ra8 Rh2+ 47. Kd1 Rb2 48. Rxa7+ 1-0

[Event "GER-chT Federal Cup (Women)"]
[Site "Braunfels"]
[Date "2010.06.03"]
[Round "1"]
[White "V D Weth V Nordheim, Petra"]
[Black "Kohm, Vanessa"]
[Result "1-0"]
[WhiteElo "1798"]
[BlackElo "1768"]
[PlyCount "73"]
[EventDate "2010.06.03"]
[EventType "team-swiss"]
[EventRounds "5"]
[EventCountry "GER"]
[SourceTitle "CBM 136 Extra"]
[Source "ChessBase"]
[SourceDate "2010.07.02"]
[SourceVersion "2"]
[SourceVersionDate "2010.07.15"]
[SourceQuality "1"]

1. d4 d5 2. e3 Nf6 3. Bd3 e6 4. Nd2 c5 5. c3 Nc6 6. f4 Bd7 7. Ngf3 Rb8 8. 0-0 cxd4 9. exd4 Be7 10. Ne5 0-0 11. Rf3 b5 12. Rh3 g6 13. g4 Ne8 14. Ndf3 f5 15. g5 Bd6 16. Qe2 Nc7 17. Bd2 b4 18. c4 Bxe5 19. Nxe5 Nxd4 20. Qf2 Nc6 21. Qh4 Qe7 22. Nxg6 Qg7 23. Nxf8 Rxf8 24. cxd5 Nxd5 25. Qh6 Nce7 26. Qxg7+ Kxg7 27. Bc4 Rb8 28. Re1 Rb6 29. Be3 Nxe3 30. Rhxe3 Kf7 31. Kf2 Ng6 32. Kg3 Bc8 33. h4 Rc6 34. Bb3 a5 35. h5 Nf8 36. Re5 Ra6 37. Rxf5+ 1-0

[Event "GER-ch U18 Girls"]
[Site "Oberhof"]
[Date "2010.05.24"]
[Round "3"]
[White "Schoebel, Ulrike"]
[Black "Kohm, Vanessa"]
[Result "1-0"]
[WhiteElo "1656"]
[BlackElo "1768"]
[PlyCount "105"]
[EventDate "2010.05.22"]
[EventType "swiss"]
[EventRounds "9"]
[EventCountry "GER"]
[SourceTitle "CBM 136 Extra"]
[Source "ChessBase"]
[SourceDate "2010.07.02"]
[SourceVersion "2"]
[SourceVersionDate "2010.07.15"]
[SourceQuality "1"]

1. c4 c6 2. Nc3 d5 3. cxd5 cxd5 4. d4 Nc6 5. Nf3 Nf6 6. e3 Bg4 7. Be2 e6 8. h3 Bh5 9. 0-0 Be7 10. b3 Rc8 11. Bb2 0-0 12. Rc1 Qa5 13. a4 Qb6 14. Ne5 Bxe2 15. Nxe2 Na5 16. Rb1 Qxb3 17. Qxb3 Nxb3 18. Bc3 Rxc3 19. Nxc3 Nd2 20. Rxb7 Nxf1 21. Rxe7 Nd2 22. Rxa7 Rc8 23. Ne2 Rb8 24. g3 h6 25. Kg2 Nc4 26. a5 Nxe5 27. dxe5 Ne4 28. a6 Nc5 29. Nd4 Kh7 30. Rxf7 Nxa6 31. Nxe6 Rg8 32. Rf8 Rxf8 33. Nxf8+ Kg8 34. Nd7 Kf7 35. f4 Ke6 36. Nb6 Nc5 37. h4 h5 38. Kf3 g6 39. g4 Ne4 40. Nc8 Nd2+ 41. Ke2 Ne4 42. gxh5 gxh5 43. Nb6 Ng3+ 44. Kd3 Nf5 45. e4 dxe4+ 46. Kxe4 Nxh4 47. Nc4 Nf5 48. Ne3 Ng3+ 49. Kf3 h4 50. Ng2 Nf5 51. Kg4 Nd4 52. Nxh4 Kd5 53. Nf3 1-0

[Event "GER-ch U18 Girls"]
[Site "Willingen"]
[Date "2009.06.02"]
[Round "5"]
[White "Knof, Henrike"]
[Black "Kohm, Vanessa"]
[Result "0-1"]
[WhiteElo "1486"]
[BlackElo "1779"]
[PlyCount "60"]
[EventDate "2009.05.30"]
[EventType "swiss"]
[EventRounds "9"]
[EventCountry "GER"]
[SourceTitle "CBM 130 Extra"]
[Source "ChessBase"]
[SourceDate "2009.07.02"]
[SourceVersion "2"]
[SourceVersionDate "2009.07.15"]
[SourceQuality "1"]

1. e4 c5 2. d3 Nc6 3. Nf3 g6 4. g3 Bg7 5. Bg2 d6 6. Nbd2 e6 7. 0-0 Nge7 8. Re1 0-0 9. Nf1 Rb8 10. h4 b5 11. N1h2 h6 12. Ng4 Kh7 13. Qd2 Ng8 14. Kh2 a5 15. Rh1 a4 16. Rb1 Nb4 17. Ra1 d5 18. Kg1 dxe4 19. Ng5+ Kh8 20. Nxe4 Na6 21. Nh2 b4 22. Nf1 Ne7 23. Ne3 f5 24. Ng5 hxg5 25. f4 gxf4 26. gxf4 Qd4 27. Qf2 Bh6 28. h5 Kg7 29. Qh4 Qf6 30. Qg3 Rg8 0-1

[Event "Baden-ch U14/20 Girls"]
[Site "Schoeneck"]
[Date "2009.01.04"]
[Round "6"]
[White "Kohm, Vanessa"]
[Black "Steimbach, Isabel"]
[Result "1-0"]
[WhiteElo "1715"]
[BlackElo "1497"]
[PlyCount "97"]
[EventDate "2009.01.02"]
[EventType "swiss"]
[EventRounds "7"]
[EventCountry "GER"]
[SourceTitle "EXT 2010"]
[Source "ChessBase"]
[SourceDate "2010.11.25"]
[SourceVersion "1"]
[SourceVersionDate "2010.11.25"]
[SourceQuality "1"]

1. d4 d5 2. c4 dxc4 3. Nf3 Nf6 4. e3 Bg4 5. Bxc4 c5 6. Qb3 e6 7. Qxb7 Nbd7 8. Nbd2 Be7 9. Qb3 0-0 10. 0-0 Bd6 11. a3 Qc7 12. h3 Rab8 13. Qa2 Bf5 14. dxc5 Nxc5 15. b4 Nce4 16. Nd4 Bh2+ 17. Kh1 Nxd2 18. Bxd2 Be5 19. Rac1 Qb7 20. Nxf5 exf5 21. Bc3 Bxc3 22. Rxc3 Ne4 23. Rc2 Rbd8 24. Rfc1 Nd6 25. Bd5 Qa6 26. Rc6 Qd3 27. Bf3 Ne4 28. Rc7 a6 29. R7c2 g6 30. Rd1 Qb5 31. Rxd8 Rxd8 32. Kg1 Qe5 33. a4 Rb8 34. Qb2 Qd6 35. Be2 a5 36. b5 h5 37. Qd4 Qxd4 38. exd4 Kf8 39. f3 Nd6 40. Rc6 Ke7 41. Ra6 Nb7 42. Ra7 Kd6 43. Bc4 f6 44. Ra6+ Ke7 45. Bd5 Kd7 46. Ra7 Kc7 47. Bf7 Kb6 48. Ra6+ Kc7 49. Bxg6 1-0

[Event "GER-chT Lands U20"]
[Site "Dresden"]
[Date "2008.11.18"]
[Round "7.6"]
[White "Kohm, Vanessa"]
[Black "Tran, My Linh"]
[Result "1/2-1/2"]
[WhiteElo "1762"]
[BlackElo "1791"]
[PlyCount "75"]
[EventDate "2008.11.14"]
[EventType "team-swiss"]
[EventRounds "7"]
[EventCountry "GER"]
[SourceTitle "EXT 2010"]
[Source "ChessBase"]
[SourceDate "2010.11.25"]
[SourceVersion "1"]
[SourceVersionDate "2010.11.25"]
[SourceQuality "1"]
[WhiteTeam "Baden"]
[BlackTeam "Hessen"]
[WhiteTeamCountry "GER"]
[BlackTeamCountry "GER"]

1. d4 Nf6 2. c4 c5 3. d5 b5 4. cxb5 a6 5. Nc3 g6 6. Nf3 d6 7. Qc2 axb5 8. e4 b4 9. Nd1 Bg7 10. Bc4 Nfd7 11. 0-0 Ba6 12. Ne3 Nb6 13. Bxa6 Nxa6 14. Bd2 Nc7 15. a3 bxa3 16. Rxa3 0-0 17. Rxa8 Qxa8 18. b4 Na6 19. bxc5 Nxc5 20. Rb1 Nbd7 21. Ne1 Rc8 22. f3 Na4 23. Qd3 Ndc5 24. Qc2 Qa6 25. Rb4 Nb6 26. Qb1 Qe2 27. Qd1 Qxd1 28. Nxd1 Nca4 29. Be3 Rc4 30. Rxc4 Nxc4 31. Bc1 Nc5 32. Kf2 Bd4+ 33. Ke2 f5 34. Nc2 Bg1 35. h3 fxe4 36. fxe4 Bh2 37. Nc3 Be5 38. Nd1 1/2-1/2

[Event "GER-chT Lands U20"]
[Site "Dresden"]
[Date "2008.11.17"]
[Round "6.6"]
[White "Bluebaum, Matthias"]
[Black "Kohm, Vanessa"]
[Result "1/2-1/2"]
[WhiteElo "1992"]
[BlackElo "1762"]
[PlyCount "91"]
[EventDate "2008.11.14"]
[EventType "team-swiss"]
[EventRounds "7"]
[EventCountry "GER"]
[SourceTitle "EXT 2010"]
[Source "ChessBase"]
[SourceDate "2010.11.25"]
[SourceVersion "1"]
[SourceVersionDate "2010.11.25"]
[SourceQuality "1"]
[WhiteTeam "Nordrhein Westfalen"]
[BlackTeam "Baden"]
[WhiteTeamCountry "GER"]
[BlackTeamCountry "GER"]

1. d4 d5 2. c4 c6 3. Nc3 Nf6 4. e3 e6 5. Nf3 Bd6 6. Bd3 Nbd7 7. e4 dxe4 8. Nxe4 Nxe4 9. Bxe4 Nf6 10. Bc2 0-0 11. 0-0 b6 12. Bg5 Be7 13. Qd3 g6 14. Ne5 Bb7 15. Qf3 Rc8 16. Ba4 Nd7 17. Bxe7 Qxe7 18. Nxc6 Bxc6 19. Bxc6 Nb8 20. d5 Nxc6 21. dxc6 Qc5 22. b3 Rxc6 23. Rad1 Rcc8 24. Rd7 Rc7 25. Rd2 b5 26. cxb5 Qxb5 27. Rfd1 Qa5 28. h3 Rcc8 29. Qb7 Rc7 30. Qe4 Qc3 31. Qa4 Kg7 32. Qd4+ Qxd4 33. Rxd4 Rfc8 34. Ra4 Rc1 35. Rxc1 Rxc1+ 36. Kh2 Rc7 37. Kg3 e5 38. b4 f5 39. Ra6 Kh6 40. Ra5 Re7 41. a4 Kg5 42. h4+ Kf6 43. Ra6+ Kf7 44. h5 g5 45. a5 e4 46. Rd6 1/2-1/2

[Event "GER-chT Lands U20"]
[Site "Dresden"]
[Date "2008.11.15"]
[Round "3.6"]
[White "Kohm, Vanessa"]
[Black "Stitterich, Nadine"]
[Result "0-1"]
[WhiteElo "1762"]
[BlackElo "1867"]
[PlyCount "44"]
[EventDate "2008.11.14"]
[EventType "team-swiss"]
[EventRounds "7"]
[EventCountry "GER"]
[SourceTitle "EXT 2010"]
[Source "ChessBase"]
[SourceDate "2010.11.25"]
[SourceVersion "1"]
[SourceVersionDate "2010.11.25"]
[SourceQuality "1"]
[WhiteTeam "Baden"]
[BlackTeam "Wuerttemberg"]
[WhiteTeamCountry "GER"]
[BlackTeamCountry "GER"]

1. d4 Nf6 2. c4 g6 3. Nc3 Bg7 4. e4 d6 5. Bd3 0-0 6. Nge2 Nc6 7. 0-0 e5 8. d5 Nd4 9. Be3 Ng4 10. Bd2 a6 11. Qc1 Nxe2+ 12. Nxe2 f5 13. exf5 Bxf5 14. Bxf5 gxf5 15. h3 Nf6 16. Bg5 Qe8 17. Re1 Qg6 18. Nc3 Rae8 19. f4 Nh5 20. fxe5 Bxe5 21. Bh6 Bd4+ 22. Be3 Nf4 0-1

[Event "GER-chT Lands U20"]
[Site "Dresden"]
[Date "2008.11.14"]
[Round "2.6"]
[White "Kohm, Vanessa"]
[Black "Grzeca, Pascal"]
[Result "0-1"]
[WhiteElo "1762"]
[BlackElo "1869"]
[PlyCount "52"]
[EventDate "2008.11.14"]
[EventType "team-swiss"]
[EventRounds "7"]
[EventCountry "GER"]
[SourceTitle "EXT 2010"]
[Source "ChessBase"]
[SourceDate "2010.11.25"]
[SourceVersion "1"]
[SourceVersionDate "2010.11.25"]
[SourceQuality "1"]
[WhiteTeam "Baden"]
[BlackTeam "Rheinland Pfalz"]
[WhiteTeamCountry "GER"]
[BlackTeamCountry "GER"]

1. d4 Nf6 2. c4 e6 3. Nc3 Bb4 4. Bd2 c5 5. d5 d6 6. Qc2 0-0 7. Nf3 Re8 8. Rd1 exd5 9. cxd5 Bxc3 10. bxc3 Ne4 11. e3 Bf5 12. Bd3 c4 13. Bxe4 Bxe4 14. Qa4 Bd3 15. Nd4 Nd7 16. Bc1 Nc5 17. Qb5 Qg5 18. g3 Qxd5 19. f3 Qg5 20. e4 Qf6 21. Be3 Re5 22. Bf4 Rae8 23. Bxe5 Rxe5 24. Qa5 Nxe4 25. Qxa7 Nxg3+ 26. Kd2 Qf4# 0-1

[Event "GER-ch U16 Girls"]
[Site "Willingen"]
[Date "2008.05.11"]
[Round "4"]
[White "Bochis, Julia"]
[Black "Kohm, Vanessa"]
[Result "0-1"]
[WhiteElo "1916"]
[BlackElo "1773"]
[PlyCount "110"]
[EventDate "2008.05.11"]
[EventType "swiss"]
[EventRounds "9"]
[EventCountry "GER"]
[SourceTitle "CBM 124 Extra"]
[Source "ChessBase"]
[SourceDate "2008.07.03"]
[SourceVersion "1"]
[SourceVersionDate "2008.07.03"]
[SourceQuality "1"]

1. e4 c5 2. Nf3 Nc6 3. d4 cxd4 4. Nxd4 a6 5. c4 Nf6 6. Nc3 d6 7. Be2 g6 8. Be3 Bg7 9. f3 Bd7 10. 0-0 0-0 11. Qd2 Re8 12. Rac1 Rc8 13. Rfe1 Ne5 14. b3 Rc7 15. Nc2 Qb8 16. Nb4 Be6 17. Kh1 Nc6 18. Nbd5 Bxd5 19. exd5 Ne5 20. f4 Ned7 21. b4 Rcc8 22. a4 Qc7 23. a5 b6 24. c5 bxc5 25. Bxa6 Ra8 26. Bf1 cxb4 27. Nb5 Qxa5 28. Nc7 Nc5 29. Bxc5 Qxc7 30. Bxb4 Qb7 31. Rcd1 Ra4 32. Rb1 Rb8 33. Bc3 Qxb1 34. Rxb1 Rxb1 35. Qe2 Ra2 36. Qc4 Rc2 37. h3 Rbc1 38. Kh2 Rxc3 39. Qb5 Rc5 40. Qb8+ Bf8 41. Bd3 Rxd5 42. Qb3 Rdc5 43. Qb2 R1c3 44. Bb1 Nd5 45. f5 Ne3 46. fxg6 hxg6 47. Qa2 Kg7 48. Be4 d5 49. Bf3 e6 50. Qb2 Bd6+ 51. Kg1 d4 52. Be2 Bg3 53. Bf1 Nxf1 54. Qb4 R5c4 55. Qb5 Rc1 0-1

[Event "GER-ch U16 Girls"]
[Site "Willingen"]
[Date "2008.05.11"]
[Round "5"]
[White "Kohm, Vanessa"]
[Black "Penne, Bo"]
[Result "0-1"]
[WhiteElo "1773"]
[BlackElo "1854"]
[PlyCount "48"]
[EventDate "2008.05.11"]
[EventType "swiss"]
[EventRounds "9"]
[EventCountry "GER"]
[SourceTitle "CBM 124 Extra"]
[Source "ChessBase"]
[SourceDate "2008.07.03"]
[SourceVersion "1"]
[SourceVersionDate "2008.07.03"]
[SourceQuality "1"]

1. d4 e6 2. c4 d5 3. Nc3 Nf6 4. Bg5 Nbd7 5. e3 c6 6. Nf3 Qa5 7. Bxf6 Nxf6 8. Rc1 Ne4 9. Qc2 Be7 10. cxd5 exd5 11. Bd3 Nxc3 12. bxc3 h6 13. 0-0 0-0 14. c4 dxc4 15. Bxc4 Bd6 16. Qb3 Qh5 17. Qb2 Re8 18. Rfe1 Rb8 19. Bf1 Bg4 20. Ne5 Rxe5 21. h3 Ra5 22. Qb1 Bxh3 23. gxh3 Rg5+ 24. Bg2 Qf3 0-1

[Event "Baden-ch U14/18 Girls"]
[Site "Karlsruhe"]
[Date "2008.01.04"]
[Round "5"]
[White "Kohm, Vanessa"]
[Black "Speichert, Saskia"]
[Result "1-0"]
[WhiteElo "1795"]
[BlackElo "976"]
[PlyCount "55"]
[EventDate "2008.01.02"]
[EventType "swiss"]
[EventRounds "7"]
[EventCountry "GER"]
[SourceTitle "EXT 2009"]
[Source "ChessBase"]
[SourceDate "2008.11.26"]
[SourceVersion "1"]
[SourceVersionDate "2008.11.26"]
[SourceQuality "1"]

1. d4 d5 2. c4 dxc4 3. Nf3 Nf6 4. e3 Bf5 5. Bxc4 e6 6. Qb3 Be4 7. Nbd2 Nc6 8. Nxe4 Nxe4 9. Qxb7 Bb4+ 10. Ke2 0-0 11. Qxc6 Nf6 12. a3 Bd6 13. b4 a5 14. bxa5 Rxa5 15. a4 Rf5 16. Bd3 Rh5 17. Bd2 e5 18. dxe5 Bxe5 19. Nxe5 Rxe5 20. a5 Qb8 21. a6 Qa7 22. Rhb1 Ree8 23. Rb7 Qa8 24. a7 g6 25. Qxf6 Re6 26. Qb2 Ree8 27. e4 c5 28. Bh6 1-0

[Event "GER-ch U16 Girls"]
[Site "Willingen"]
[Date "2007.06.01"]
[Round "9"]
[White "Kohm, Vanessa"]
[Black "Penne, Bo"]
[Result "1/2-1/2"]
[WhiteElo "1724"]
[BlackElo "1852"]
[PlyCount "91"]
[EventDate "2007.05.26"]
[EventType "swiss"]
[EventRounds "9"]
[EventCountry "GER"]
[SourceTitle "CBM 118 Extra"]
[Source "ChessBase"]
[SourceDate "2007.07.04"]
[SourceVersion "1"]
[SourceVersionDate "2007.07.04"]
[SourceQuality "1"]

1. d4 d5 2. c4 e6 3. Nc3 Nf6 4. Bg5 Nbd7 5. Nf3 c6 6. e3 Qa5 7. cxd5 exd5 8. Qc2 Bd6 9. Bd3 h6 10. Bh4 0-0 11. 0-0 Re8 12. a3 Qc7 13. Rfc1 a6 14. b4 Be7 15. Qb3 Qd8 16. Bg3 Bf8 17. a4 Nh5 18. Bh4 Be7 19. Bxe7 Qxe7 20. b5 axb5 21. axb5 Rxa1 22. Rxa1 Nhf6 23. bxc6 bxc6 24. Rc1 Qd6 25. Na4 Ne4 26. Nb6 Nxb6 27. Qxb6 Bd7 28. Ne5 Rc8 29. Qb7 Qa3 30. Rf1 Be6 31. Bxe4 dxe4 32. Nxc6 Re8 33. Qb4 Qxb4 34. Nxb4 Rb8 35. Nc6 Rb6 36. Ne5 f6 37. Ng6 Kf7 38. Nf4 Bc4 39. Rc1 g5 40. Nh3 Be6 41. Kf1 f5 42. Ng1 Ke7 43. f3 Rb3 44. Kf2 Rb2+ 45. Ne2 Kd6 46. fxe4 1/2-1/2

[Event "GER-ch U16 Girls"]
[Site "Willingen"]
[Date "2007.05.28"]
[Round "3"]
[White "Knof, Henrike"]
[Black "Kohm, Vanessa"]
[Result "0-1"]
[WhiteElo "1358"]
[BlackElo "1724"]
[PlyCount "70"]
[EventDate "2007.05.26"]
[EventType "swiss"]
[EventRounds "9"]
[EventCountry "GER"]
[SourceTitle "CBM 118 Extra"]
[Source "ChessBase"]
[SourceDate "2007.07.04"]
[SourceVersion "1"]
[SourceVersionDate "2007.07.04"]
[SourceQuality "1"]

1. e4 c5 2. Nf3 e6 3. d4 cxd4 4. Nxd4 Nf6 5. Nc3 Nc6 6. Nxc6 bxc6 7. Bd3 d5 8. e5 Nd7 9. f4 Bb7 10. 0-0 Bc5+ 11. Kh1 0-0 12. Qh5 g6 13. Qg4 Qe7 14. h4 Kh8 15. h5 gxh5 16. Qxh5 f6 17. exf6 Nxf6 18. Qe2 Rg8 19. b4 Ng4 20. Rf3 Qh4+ 21. Rh3 Nf2+ 22. Qxf2 Qxh3+ 23. gxh3 Bxf2 24. Bb2 Bd4 25. Rd1 Bg7 26. f5 e5 27. Rf1 Raf8 28. b5 d4 29. Ne4 cxb5 30. Kh2 Bf6 31. Ba3 Rf7 32. Rb1 a6 33. Nd6 Rc7 34. Nxb7 Rxb7 35. c4 dxc3 0-1

[Event "GER-ch U16 Girls"]
[Site "Willingen"]
[Date "2007.05.28"]
[Round "4"]
[White "Kohm, Vanessa"]
[Black "Jussupow, Ekaterina"]
[Result "0-1"]
[WhiteElo "1724"]
[BlackElo "2003"]
[PlyCount "74"]
[EventDate "2007.05.26"]
[EventType "swiss"]
[EventRounds "9"]
[EventCountry "GER"]
[SourceTitle "CBM 118 Extra"]
[Source "ChessBase"]
[SourceDate "2007.07.04"]
[SourceVersion "1"]
[SourceVersionDate "2007.07.04"]
[SourceQuality "1"]

1. d4 d5 2. c4 e6 3. Nc3 Nf6 4. Bg5 Be7 5. cxd5 exd5 6. Nf3 c6 7. e3 Bf5 8. Bd3 Bxd3 9. Qxd3 Nbd7 10. 0-0 0-0 11. Rfc1 Re8 12. a3 a5 13. b3 Nf8 14. Ne2 Ng6 15. Nf4 Bd6 16. Nh5 Re4 17. Qe2 Be7 18. Nd2 Nxh5 19. Bxe7 Nhf4 20. Qg4 Rxe7 21. exf4 Qd6 22. g3 Rae8 23. Qf3 Re2 24. Qd3 Nxf4 25. gxf4 Qxf4 26. Nf3 Qg4+ 27. Kf1 Qh3+ 28. Kg1 R8e3 29. Qxe3 Rxe3 30. fxe3 Qxf3 31. Re1 h5 32. b4 axb4 33. axb4 h4 34. Ra2 h3 35. Rf2 Qe4 36. Rd2 f5 37. Rf2 g6 0-1

[Event "GER-ch U16 Girls"]
[Site "Willingen"]
[Date "2007.05.27"]
[Round "2"]
[White "Kohm, Vanessa"]
[Black "Remy, Janina"]
[Result "0-1"]
[WhiteElo "1724"]
[BlackElo "1936"]
[PlyCount "64"]
[EventDate "2007.05.26"]
[EventType "swiss"]
[EventRounds "9"]
[EventCountry "GER"]
[SourceTitle "CBM 118 Extra"]
[Source "ChessBase"]
[SourceDate "2007.07.04"]
[SourceVersion "1"]
[SourceVersionDate "2007.07.04"]
[SourceQuality "1"]

1. d4 d5 2. c4 c6 3. Nf3 Nf6 4. Nc3 dxc4 5. a4 Bf5 6. e3 e6 7. Bxc4 Bb4 8. Bd2 Bg6 9. Qb3 Qe7 10. 0-0 0-0 11. Ne5 Bd6 12. Nxg6 hxg6 13. e4 e5 14. d5 Bb4 15. Rad1 Nbd7 16. Qc2 Nb6 17. Bb3 Rac8 18. dxc6 Rxc6 19. f3 Rfc8 20. Qb1 Nc4 21. Bxc4 Rxc4 22. Qa2 a6 23. Nb1 Bxd2 24. Nxd2 Rc2 25. Qb3 Qc5+ 26. Rf2 b6 27. Qd3 Rxb2 28. Qxa6 Rd8 29. Kf1 Qd4 30. Ke1 Qe3+ 31. Qe2 Qc3 32. Rf1 Rd3 0-1